000 00360nam a22001217a 4500
040 _cSK
082 _a330
100 _aNA
245 _aអង្កេតសេដ្ឋកិច្ចសង្គមកិច្ចកម្ពុជា
260 _aវិទ្យាស្ថានជាតិស្ថិតិ
_bNA
_c1994
300 _a205p.
942 _cKB
999 _c10240
_d10240